| 000 | 00639cam a2200145 4500500 | ||
|---|---|---|---|
| 005 | 20251228073710.0 | ||
| 041 | _afre | ||
| 042 | _adc | ||
| 100 | 1 | 0 |
_aZagdoun, Mary-Anne _eauthor |
| 245 | 0 | 0 | _aBöhm Stephanie, Klassizistische Weihreliefs, Zur römischen Rezeption griechischer Votivbilder (DAI, Rome, Palilia, 13), Wiesbaden, Dr. Ludwig Reichert Verlag, 2004, 1 vol. 23 × 29, 128 p., 80 fig. ds t. |
| 260 | _c2005. | ||
| 500 | _a6 | ||
| 786 | 0 | _nRevue archéologique | 40 | 2 | 2005-09-01 | p. 365zd-437zd | 0035-0737 | |
| 856 | 4 | 1 | _uhttps://shs.cairn.info/revue-archeologique-2005-2-page-365zd?lang=fr&redirect-ssocas=7080 |
| 999 |
_c1595732 _d1595732 |
||